| 000 | 00402pab a2200157 454500 | ||
|---|---|---|---|
| 008 | 180718b2014 xxu||||| |||| 00| 0 eng d | ||
| 100 | _aJohn, Maya | ||
| 245 | _aFears and furies of sexual harassment: Time to go beyond Vishaka | ||
| 260 | _c2014 | ||
| 300 | _ap.29-32. | ||
| 362 | _a12 Apr | ||
| 650 | _aSexual abuse | ||
| 773 | _aEconomic and Political Weekly | ||
| 908 | _aN | ||
| 909 | _a105683 | ||
| 999 |
_c105678 _d105678 |
||